| 000 | 01043nam a2200289 i 4500 | ||
|---|---|---|---|
| 001 | 91787 | ||
| 003 | ES-MaACL | ||
| 005 | 20250824234439.0 | ||
| 007 | t| | ||
| 008 | 050215s2003 sp ||||1| spa d | ||
| 020 | _a84-9704-067-8 | ||
| 080 | _a354.32(460) | ||
| 080 | _a338.45(460):655.4"1931/39" | ||
| 080 | _a027:351.852(460)"1931/39" | ||
| 100 | 1 |
_aMartínez Rus, Ana. _978391 |
|
| 245 | 1 | 3 |
_aLa política del libro durante la Segunda República _b: socialización de la lectura / _cAna Martínez Rus. |
| 260 |
_aGijón : _bTrea, _c[2003] |
||
| 300 |
_a543 p. : _bil. ; _c22 cm. |
||
| 490 | 1 |
_aBiblioteconomía y administración cultural ; _v77 |
|
| 504 | _aBibliografía: [509]-525. | ||
| 610 | 2 | 4 |
_aInstituto del Libro Español _95016 |
| 650 | 4 |
_aEdición- _zEspaña- _y1931-1939. _912052 |
|
| 650 | 1 | 4 |
_aBibliotecas- _xPolítica gubernamental- _zEspaña- _y1931-1939. _910539 |
| 830 | 0 | 0 |
_aBiblioteconomía y administración cultural _v77 _9184219 |
| 852 |
_aES-MaACL _jL-28840 _bR.135307 |
||
| 999 |
_c91787 _d91787 |
||